International finance

The fifth edition of Maurice D. Levi’s classic textbook has been updated to incorporate the massive changes in the world of international finance of the past few years. In particular, the emergence of new markets is given broad coverage – particularly the rise to financial prominence of China and In...

Full description

Saved in:
Bibliographic Details
Main Author: Levi, Maurice D.
Format: Book
Language:Undetermined
Published: New York Routledge 2009
Subjects:
Tags: Add Tag
No Tags, Be the first to tag this record!
Institutions: Trung tâm Học liệu Trường Đại học Cần Thơ
LEADER 01261nam a2200241Ia 4500
001 CTU_154883
008 210402s9999 xx 000 0 und d
020 |c 1645000 
082 |a 332.042 
082 |b L664 
100 |a Levi, Maurice D. 
245 0 |a International finance 
245 0 |c Maurice D. Levi 
260 |a New York 
260 |b Routledge 
260 |c 2009 
520 |a The fifth edition of Maurice D. Levi’s classic textbook has been updated to incorporate the massive changes in the world of international finance of the past few years. In particular, the emergence of new markets is given broad coverage – particularly the rise to financial prominence of China and India and other growth economies in Asia and elsewhere. Key features of the book include: the impact of globalization and the greater connectedness of national economies and the world economy as a whole. probably the best introduction to exchange rates available and how they directly impact upon firms as well as governments. 
526 |a Tài chính quốc tế 
526 |b KT616 
650 |a International finance,International business enterprises 
650 |x Finance 
904 |i Năm 
980 |a Trung tâm Học liệu Trường Đại học Cần Thơ